[Event "40th World U20 ch"]
[Site "Peristeri GRE"]
[Date "2001.08.23"]
[Round "7.28"]
[White "Franco Alonso, Alejandro"]
[Black "Sigalas, Fragiskos"]
[Result "1-0"]
[WhiteElo "2332"]
[BlackElo "2125"]
[EventDate "2001.08.16"]
[PlyCount "81"]

1.d4 Nf6 2.c4 g6 3.Nc3 Bg7 4.e4 d6 5.f3 O-O 6.Bg5 Nc6 7.Nge2 a6 8.Qd2 Rb8 
9.d5 Ne5 10.Ng3 c5 11.Be2 Qa5 12.f4 Ned7 13.a4 h6 14.Bh4 Re8 15.O-O Nh7 
16.Bd3 Ndf8 17.Kh1 Qb4 18.Nge2 Bg4 19.Qc2 Bxe2 20.Bxe2 e6 21.Bd3 exd5 22.
Nxd5 Qxb2 23.Qxb2 Bxb2 24.Rab1 g5 25.Rxb2 gxh4 26.Rb6 Kg7 27.Rxd6 Re6 28.
Rb6 Rxb6 29.Nxb6 Rd8 30.Nd5 Nf6 31.Rb1 Ne6 32.Rxb7 Nxd5 33.cxd5 Nxf4 34.
Bxa6 Re8 35.g3 Ng6 36.Bd3 Ne5 37.Bb5 Ra8 38.Rc7 c4 39.d6 Kf6 40.d7 Ke7 41.
Rc8 1-0

[Event "40th World U20 ch"]
[Site "Peristeri GRE"]
[Date "2001.08.24"]
[Round "8.1"]
[White "Azarov, Sergei"]
[Black "Gagunashvili, Merab"]
[Result "0-1"]
[WhiteElo "2461"]
[BlackElo "2445"]
[EventDate "2001.08.16"]
[PlyCount "132"]

1.e4 c5 2.Nf3 Nc6 3.d4 cxd4 4.Nxd4 Nf6 5.Nc3 e5 6.Ndb5 d6 7.a4 a6 8.Na3 
Be6 9.Bc4 Be7 10.Bg5 O-O 11.Bxf6 Bxf6 12.Nd5 Bg5 13.O-O Kh8 14.c3 f5 15.
exf5 Bxf5 16.Ba2 Ne7 17.Nc4 b5 18.Nxe7 Bxe7 19.Ne3 Bd7 20.a5 Rb8 21.b4 Rc8
22.Qd3 Qe8 23.Bd5 Bg5 24.Be4 Bxe3 25.fxe3 Rxf1+ 26.Rxf1 Bc6 27.Bf5 Rd8 28.
e4 g6 29.Bg4 Qe7 30.Qe3 Kg7 31.Bd1 Rf8 32.Rxf8 Qxf8 33.Bb3 Qf4 34.Qxf4 
exf4 35.Be6 Bb7 36.c4 Kf6 37.Bg8 bxc4 38.Bxc4 Ke5 39.Be2 Kd4 40.Kf2 Kc3 
41.b5 axb5 42.Bxb5 Bxe4 43.a6 Kb4 44.Bd7 Ka5 45.Bc8 Kb6 46.h4 Bc6 47.g4 
fxg3+ 48.Kxg3 Bb5 49.Kf4 Bxa6 50.Be6 Bd3 51.Ke3 Bf5 52.Bg8 h6 53.Bf7 h5 
54.Kd4 Kc7 55.Bg8 Kd7 56.Bb3 Ke7 57.Bd1 Be6 58.Bc2 Kf6 59.Bd1 Kf5 60.Bc2+ 
Kg4 61.Bxg6 Kxh4 62.Ke3 Kg4 63.Kf2 h4 64.Kg2 Kf4 65.Bb1 Bg4 66.Ba2 Ke5 0-1

[Event "40th World U20 ch"]
[Site "Peristeri GRE"]
[Date "2001.08.24"]
[Round "8.2"]
[White "Navara, David"]
[Black "Ni Hua"]
[Result "1/2-1/2"]
[WhiteElo "2491"]
[BlackElo "2568"]
[EventDate "2001.08.16"]
[PlyCount "82"]

1.e4 c5 2.Nf3 e6 3.d4 cxd4 4.Nxd4 a6 5.Nc3 b5 6.g3 Bb7 7.Bg2 Nf6 8.O-O b4 
9.e5 Bxg2 10.Kxg2 bxc3 11.exf6 Qxf6 12.bxc3 Bc5 13.Bf4 O-O 14.Nb3 Qxc3 15.
Bxb8 Rfxb8 16.Nxc5 Qxc5 17.Qxd7 Qxc2 18.Rfc1 Qe4+ 19.Kf1 h5 20.Qc6 Qxc6 
21.Rxc6 Rb5 22.Rd1 Ra5 23.Rd7 g5 24.Rcc7 Rf5 25.Rd2 Rb8 26.Ra7 a5 27.Kg2 
Kg7 28.h3 Rb4 29.Rc2 Kg6 30.Rd2 Re4 31.Rc2 Rd5 32.Rcc7 f6 33.Rc2 Kf5 34.
Rh7 Red4 35.Rxh5 Rd2 36.g4+ Kg6 37.Rc8 Rd8 38.Rc7 R8d7 39.Rc8 Rd8 40.Rc7 
R8d7 41.Rc8 Rd8 1/2-1/2

[Event "40th World U20 ch"]
[Site "Peristeri GRE"]
[Date "2001.08.24"]
[Round "8.4"]
[White "Shaposhnikov, Evgeny"]
[Black "Sargissian, Gabriel"]
[Result "0-1"]
[WhiteElo "2519"]
[BlackElo "2514"]
[EventDate "2001.08.16"]
[PlyCount "124"]

1.e4 c6 2.d4 d5 3.Nd2 dxe4 4.Nxe4 Nd7 5.Bc4 Ngf6 6.Ng5 e6 7.Qe2 Nb6 8.Bd3 
h6 9.N5f3 c5 10.Be3 Nbd5 11.Ne5 a6 12.Ngf3 Qc7 13.O-O Bd6 14.c3 O-O 15.Bd2
cxd4 16.cxd4 Qe7 17.Rac1 Bd7 18.Nxd7 Qxd7 19.Ne5 Qa4 20.Nc4 Bf4 21.b3 Qd7 
22.Be3 Rac8 23.Qf3 Bb8 24.Ne5 Qe7 25.Ng4 Nxg4 26.Qxg4 f5 27.Qf3 Qd7 28.Bc4
Rfe8 29.Bxd5 Qxd5 30.Qxd5 exd5 31.Rxc8 Rxc8 32.Rc1 Re8 33.g3 Bd6 34.Kg2 g5
35.Re1 Kf7 36.Bd2 Re4 37.Bc3 g4 38.f3 gxf3+ 39.Kxf3 Be7 40.Bd2 Bg5 41.Be3 
Kf6 42.Bf2 Ke6 43.Re2 Kd7 44.Rc2 b6 45.a4 Bf6 46.Rd2 Bg5 47.Rc2 Bf6 48.Rd2
Kd6 49.Rd3 Kc6 50.Rc3+ Kb7 51.Rd3 h5 52.Rd2 Kc6 53.Rc2+ Kb7 54.Rd2 b5 55.
axb5 a5 56.Ra2 Kb6 57.b4 axb4 58.Ra6+ Kb7 59.Rxf6 b3 60.Rf7+ Kc8 61.Rf8+ 
Kd7 62.b6 b2 0-1

[Event "40th World U20 ch"]
[Site "Peristeri GRE"]
[Date "2001.08.24"]
[Round "8.5"]
[White "Postny, Evgeny"]
[Black "Acs, Peter"]
[Result "0-1"]
[WhiteElo "2486"]
[BlackElo "2514"]
[EventDate "2001.08.16"]
[PlyCount "184"]

1.d4 d5 2.c4 c6 3.Nf3 Nf6 4.Nc3 e6 5.Bg5 Nbd7 6.e3 Qa5 7.Nd2 Bb4 8.Qc2 O-O
9.Be2 e5 10.O-O exd4 11.Nb3 Qb6 12.exd4 dxc4 13.Bxc4 a5 14.Rad1 a4 15.Nc1 
Qa5 16.Bd2 Nb6 17.Bd3 Be6 18.Rfe1 a3 19.Re5 Nbd5 20.Nb3 Qb6 21.Nxd5 Bxd5 
22.Bg5 axb2 23.Qxb2 Ng4 24.Rf5 Qc7 25.Bf4 Bd6 26.g3 Be6 27.Bxd6 Qxd6 28.
Rc5 Bd5 29.h3 Nf6 30.Bc4 Bxc4 31.Rxc4 Qe6 32.d5 cxd5 33.Rh4 Rfe8 34.Nd4 
Qd7 35.Rb1 h6 36.Kg2 Ra4 37.Rf4 Re4 38.Rxe4 Nxe4 39.Nf3 Qf5 40.Qb3 Ra6 41.
Rb2 Rf6 42.Qe3 Qd7 43.Qd4 Qe6 44.Qe5 Qxe5 45.Nxe5 Nc5 46.Rd2 Rd6 47.Nd3 
Nxd3 48.Rxd3 Kf8 49.Kf3 Ke7 50.Rb3 b6 51.Ke3 Rc6 52.Kd3 g5 53.Rb1 Kd6 54.
Rb2 Ke5 55.Re2+ Kd6 56.Re8 Kc5 57.Rf8 Rf6 58.Rc8+ Kd6 59.Ke3 Re6+ 60.Kd3 
Rf6 61.Ke3 Ke5 62.Re8+ Re6 63.Rd8 Re7 64.Kd3 Ra7 65.Re8+ Kd6 66.Rd8+ Ke6 
67.Re8+ Kd7 68.Re2 Kd6 69.Rb2 Ra3+ 70.Kd4 Ra4+ 71.Kd3 Kc5 72.Rc2+ Rc4 73.
Re2 Rd4+ 74.Kc3 Re4 75.Rb2 b5 76.Kd3 b4 77.Rc2+ Rc4 78.Re2 Rc3+ 79.Kd2 Ra3
80.Kc1 Kc4 81.Kb2 Rf3 82.Rc2+ Rc3 83.Re2 d4 84.Re7 Rf3 85.Rc7+ Kd3 86.Rc2 
Ke4 87.Kb1 Kd5 88.Rb2 Kc4 89.Kc1 d3 90.Kd1 h5 91.h4 gxh4 92.gxh4 Rf4 0-1

[Event "40th World U20 ch"]
[Site "Peristeri GRE"]
[Date "2001.08.24"]
[Round "8.6"]
[White "Miton, Kamil"]
[Black "Berg, Emanuel"]
[Result "1/2-1/2"]
[WhiteElo "2516"]
[BlackElo "2496"]
[EventDate "2001.08.16"]
[PlyCount "85"]

1.d4 e6 2.c4 Nf6 3.g3 d5 4.Bg2 dxc4 5.Nf3 Nc6 6.O-O Rb8 7.Nc3 b5 8.Ne5 
Nxe5 9.dxe5 Nd7 10.Bf4 Bb7 11.Bxb7 Rxb7 12.Qc2 Be7 13.Rfd1 Qc8 14.a4 a6 
15.axb5 axb5 16.Ra5 c6 17.Ne4 O-O 18.Nd6 Bxd6 19.exd6 e5 20.Be3 Nf6 21.Bc5
Rd8 22.Kg2 Qe6 23.Ra6 Rc8 24.Qc3 b4 25.Qe1 c3 26.bxc3 b3 27.Rb6 Rd7 28.c4 
Qxc4 29.Qb4 Qxe2 30.Rxc6 Re8 31.Rd2 Qe4+ 32.Qxe4 Nxe4 33.Rb2 Nxc5 34.Rxc5 
f6 35.Rxb3 Re6 36.Rc6 Rexd6 37.Rxd6 Rxd6 38.h4 h5 39.Rb7 Kh7 40.Rc7 Kg6 
41.Rb7 Rd8 42.Ra7 Rf8 43.Rb7 {...} 1/2-1/2

[Event "40th World U20 ch"]
[Site "Peristeri GRE"]
[Date "2001.08.24"]
[Round "8.7"]
[White "Simutowe, Amon"]
[Black "Roiz, Michael"]
[Result "0-1"]
[WhiteElo "2462"]
[BlackElo "2511"]
[EventDate "2001.08.16"]
[PlyCount "62"]

1.d4 Nf6 2.c4 g6 3.g3 Bg7 4.Bg2 O-O 5.Nc3 d6 6.Nf3 c6 7.O-O Bf5 8.h3 Ne4 
9.Qb3 Nxc3 10.bxc3 Qc8 11.Kh2 Be4 12.Ba3 c5 13.e3 Nc6 14.Nd2 Bxg2 15.Kxg2 
b6 16.d5 Na5 17.Qc2 Qa6 18.Qd3 Rab8 19.Rfb1 e6 20.dxe6 fxe6 21.Qxd6 Qb7+ 
22.f3 Qf7 23.Qd3 Rbd8 24.Qe2 Rxd2 25.Qxd2 Qxf3+ 26.Kh2 Nxc4 27.Qg2 Qxg2+ 
28.Kxg2 Nxa3 29.Rf1 Nc4 30.Rxf8+ Kxf8 31.Kf3 Ke7 0-1

[Event "40th World U20 ch"]
[Site "Peristeri GRE"]
[Date "2001.08.24"]
[Round "8.8"]
[White "Kapnisis, Spyridon"]
[Black "Izoria, Zviad"]
[Result "0-1"]
[WhiteElo "2373"]
[BlackElo "2487"]
[EventDate "2001.08.16"]
[PlyCount "129"]

1.e4 c6 2.d4 d5 3.e5 Bf5 4.Nc3 Qb6 5.Bd3 Bxd3 6.Qxd3 e6 7.Nge2 Ne7 8.O-O 
Nd7 9.a4 c5 10.dxc5 Nxc5 11.Qh3 Nc6 12.Re1 Nd7 13.Qg3 g6 14.a5 Qa6 15.Bg5 
Bg7 16.Bf6 Nxf6 17.exf6 Bxf6 18.Nxd5 exd5 19.Nc3+ Kf8 20.Nxd5 Nd4 21.Nc7 
Ne2+ 22.Rxe2 Qxe2 23.Nxa8 Kg7 24.Nc7 Be5 25.f4 Bxb2 26.Re1 Bd4+ 27.Kh1 
Qxc2 28.Nd5 Rd8 29.Ne3 Qc5 30.Qh4 Rd6 31.Ng4 h5 32.Ne5 Bxe5 33.fxe5 Re6 
34.Qg3 Qxa5 35.h4 Qd5 36.Qf4 Qd7 37.Kh2 Qe7 38.Kh3 a5 39.g4 hxg4+ 40.Kxg4 
Rb6 41.Kg3 Rb3+ 42.Kg2 Rb2+ 43.Kg3 Rb3+ 44.Kg2 Rb4 45.Re4 Rxe4 46.Qxe4 Qe6
47.Qxb7 Qg4+ 48.Kf1 Qf4+ 49.Kg2 Qxe5 50.Qb3 Qe4+ 51.Kg3 a4 52.Qc3+ Kh7 53.
h5 gxh5 54.Qa5 Kg6 55.Qa6+ f6 56.Kh2 Qc2+ 57.Kg3 Qc3+ 58.Kh2 a3 59.Qa8 
Qc2+ 60.Kg3 Qb3+ 61.Kh2 a2 62.Qe8+ Qf7 63.Qe4+ f5 64.Qe5 Qf6 65.Qe8+ 0-1

[Event "40th World U20 ch"]
[Site "Peristeri GRE"]
[Date "2001.08.24"]
[Round "8.9"]
[White "Markos, Jan"]
[Black "Panchanathan, Magesh Chandran"]
[Result "1/2-1/2"]
[WhiteElo "2479"]
[BlackElo "2339"]
[EventDate "2001.08.16"]
[PlyCount "94"]

1.d4 Nf6 2.c4 e6 3.Nf3 b6 4.e3 Bb7 5.Bd3 d5 6.b3 Bb4+ 7.Nbd2 O-O 8.Bb2 
dxc4 9.bxc4 c5 10.O-O Nc6 11.Ne4 cxd4 12.exd4 Be7 13.Ng3 Nb4 14.Bb1 Rc8 
15.a3 Nc6 16.Bd3 Rc7 17.Rc1 Na5 18.Re1 Re8 19.Ne5 Bf8 20.Ng4 Nxg4 21.Qxg4 
f5 22.Qe2 Bc6 23.Qd1 g6 24.d5 exd5 25.Rxe8 Bxe8 26.cxd5 Rxc1 27.Qxc1 Bg7 
28.Bxg7 Kxg7 29.Qc3+ Kg8 30.Qe5 Bf7 31.Bxf5 Qxd5 32.Qb8+ Kg7 33.Bg4 Qd4 
34.h3 Nc4 35.Qc7 Qa1+ 36.Kh2 Qe5 37.Qxa7 h5 38.Be2 Nd6 39.h4 g5 40.Qa4 b5 
41.Qb4 Nc4 42.Kg1 gxh4 43.Bxc4 bxc4 44.Nf1 h3 45.gxh3 Qg5+ 46.Kh2 Qf4+ 47.
Kg1 Qg5+ 1/2-1/2

[Event "40th World U20 ch"]
[Site "Peristeri GRE"]
[Date "2001.08.24"]
[Round "8.10"]
[White "Korobov, Anton"]
[Black "Papp, Gabor"]
[Result "1-0"]
[WhiteElo "2470"]
[BlackElo "2291"]
[EventDate "2001.08.16"]
[PlyCount "49"]

1.d4 Nf6 2.c4 e6 3.Nf3 b6 4.g3 Ba6 5.Nbd2 c5 6.Bg2 Nc6 7.dxc5 Bxc5 8.O-O 
O-O 9.a3 Be7 10.b4 Bb7 11.Bb2 Rc8 12.e4 d6 13.Qb3 Rc7 14.Rad1 Qa8 15.Rfe1 
Nd7 16.Nf1 Rfc8 17.Ne3 Nde5 18.Nd2 Bf6 19.f4 Nd7 20.Nb1 Ne7 21.Nc3 Bxc3 
22.Qxc3 e5 23.Rxd6 Bxe4 24.Rxd7 Rxd7 25.Qxe5 1-0

[Event "40th World U20 ch"]
[Site "Peristeri GRE"]
[Date "2001.08.24"]
[Round "8.11"]
[White "Cernousek, Lukas"]
[Black "Bakre, Tejas"]
[Result "1/2-1/2"]
[WhiteElo "2262"]
[BlackElo "2463"]
[EventDate "2001.08.16"]
[PlyCount "79"]

1.e4 c5 2.Nf3 d6 3.d4 cxd4 4.Nxd4 Nf6 5.Nc3 Nc6 6.Bc4 e6 7.Be3 a6 8.Qe2 
Na5 9.Bb3 b5 10.g4 Nxb3 11.Nxb3 b4 12.Na4 Bd7 13.Nb6 Bb5 14.Qd2 Rb8 15.
Qxb4 Nxg4 16.a4 Nxe3 17.fxe3 Qxb6 18.axb5 Qxe3+ 19.Kd1 Be7 20.Re1 Qf3+ 21.
Kc1 Rxb5 22.Qc4 O-O 23.Rxa6 Rh5 24.Nd4 Qf4+ 25.Kb1 Rxh2 26.b4 Bf6 27.b5 d5
28.Qb4 h5 29.Nc6 g5 30.b6 Rh3 31.e5 Bxe5 32.Rxe5 Qf1+ 33.Kb2 Qxa6 34.Rxg5+
Kh7 35.Qxf8 Qxb6+ 36.Ka2 Qa6+ 37.Kb2 Qb6+ 38.Ka2 Qa6+ 39.Kb2 Qb6+ 40.Ka2 
1/2-1/2

[Event "40th World U20 ch"]
[Site "Peristeri GRE"]
[Date "2001.08.24"]
[Round "8.12"]
[White "Bunzmann, Dimitrij"]
[Black "Du Shan"]
[Result "0-1"]
[WhiteElo "2509"]
[BlackElo "2352"]
[EventDate "2001.08.16"]
[PlyCount "60"]

1.d4 d6 2.g3 f5 3.Bg2 Nf6 4.Nc3 d5 5.Nh3 e6 6.O-O Be7 7.f3 c5 8.dxc5 Bxc5+
9.Kh1 Nc6 10.e4 d4 11.Na4 Be7 12.Qe2 fxe4 13.fxe4 e5 14.Ng5 O-O 15.Qc4+ 
Kh8 16.Nf7+ Rxf7 17.Qxf7 b5 18.Nc5 Bxc5 19.Rxf6 Qxf6 20.Qe8+ Bf8 21.Bg5 
Qd6 22.Rf1 Bb7 23.Qf7 Be7 24.h4 Rb8 25.Bh3 Bxg5 26.hxg5 Ne7 27.Rf6 gxf6 
28.gxf6 Bxe4+ 29.Kh2 Rg8 30.Be6 Bg6 0-1

[Event "40th World U20 ch"]
[Site "Peristeri GRE"]
[Date "2001.08.24"]
[Round "8.13"]
[White "Pert, Nicholas"]
[Black "Franco Alonso, Alejandro"]
[Result "1/2-1/2"]
[WhiteElo "2475"]
[BlackElo "2332"]
[EventDate "2001.08.16"]
[PlyCount "106"]

1.d4 Nf6 2.Nf3 e6 3.c4 b6 4.g3 Ba6 5.b3 Bb4+ 6.Bd2 Be7 7.Bc3 d5 8.Bg2 c6 
9.Nbd2 Nbd7 10.O-O O-O 11.Re1 c5 12.cxd5 Nxd5 13.Bb2 Rc8 14.Rc1 Rc7 15.a3 
N5f6 16.dxc5 Rxc5 17.Rxc5 Nxc5 18.b4 Ncd7 19.Nd4 Qc7 20.Qa4 Nb8 21.Rc1 Qd8
22.N2f3 Bd6 23.b5 Qd7 24.Nc6 Bb7 25.Nxa7 Ne4 26.Nc6 Nc5 27.Qd4 f6 28.Rd1 
Bc7 29.h4 Bxc6 30.bxc6 Qxc6 31.Qg4 Qa4 32.Qxa4 Nxa4 33.Ba1 Rd8 34.Rxd8+ 
Bxd8 35.Nd4 Kf7 36.Be4 h6 37.h5 f5 38.Bb1 Bf6 39.Ba2 Nc5 40.e3 Nc6 41.Kf1 
Nxd4 42.exd4 Ne4 43.Ke2 Nd6 44.Kd3 Ne4 45.Ke2 Nd6 46.a4 Ke7 47.f3 Kd7 48.
Kd3 Ne8 49.Bc3 Nc7 50.Bd2 Bg5 51.Bb4 Be7 52.Bd2 Bg5 53.Bb4 Be7 1/2-1/2

[Event "40th World U20 ch"]
[Site "Peristeri GRE"]
[Date "2001.08.24"]
[Round "8.14"]
[White "Stryjecki, Marek"]
[Black "Palliser, Richard"]
[Result "0-1"]
[WhiteElo "2441"]
[BlackElo "2337"]
[EventDate "2001.08.16"]
[PlyCount "86"]

1.c4 e5 2.Nc3 Nf6 3.g3 Bb4 4.Bg2 O-O 5.e4 Bxc3 6.bxc3 d6 7.Ne2 Be6 8.d3 c6
9.O-O Na6 10.Rb1 Rb8 11.f4 Qa5 12.h3 b5 13.f5 Bd7 14.cxb5 Rxb5 15.Rxb5 
cxb5 16.g4 Qxa2 17.g5 Ne8 18.d4 Bc6 19.Be3 Qc4 20.Qd2 Nec7 21.Ra1 Bb7 22.
Ng3 Ra8 23.Rb1 Qc6 24.h4 Ne8 25.Bf1 Nac7 26.h5 a5 27.g6 Nf6 28.d5 Qd7 29.
Bh3 h6 30.Kh2 Bc8 31.gxf7+ Qxf7 32.Rg1 Kh7 33.Qc2 a4 34.c4 b4 35.c5 b3 36.
Qc3 dxc5 37.Bxc5 Nb5 38.Qb4 Bd7 39.Ra1 Nxh5 40.Rxa4 Rxa4 41.Qxa4 Nxg3 42.
Bg2 Nd4 43.Qb4 Nge2 0-1

[Event "40th World U20 ch"]
[Site "Peristeri GRE"]
[Date "2001.08.24"]
[Round "8.15"]
[White "Venkatesh, Marani Rajendran"]
[Black "Mastrovasilis, Dimitrios"]
[Result "1/2-1/2"]
[WhiteElo "2356"]
[BlackElo "2436"]
[EventDate "2001.08.16"]
[PlyCount "71"]

1.e4 c5 2.Nf3 e6 3.d3 Nc6 4.g3 g6 5.Bg2 Bg7 6.O-O Nge7 7.Re1 d6 8.Nbd2 e5 
9.Nf1 h6 10.c3 Be6 11.Be3 O-O 12.d4 exd4 13.cxd4 d5 14.e5 cxd4 15.Nxd4 
Nxd4 16.Bxd4 Nc6 17.f4 Nxd4 18.Qxd4 Qb6 19.Rad1 Rfd8 20.Ne3 Qxd4 21.Rxd4 
Bf8 22.Rc1 Rac8 23.Rxc8 Rxc8 24.b4 a5 25.Nxd5 axb4 26.Rd2 Kg7 27.h3 h5 28.
Kh2 Rd8 29.Bf3 Bc5 30.Kg2 b6 31.Be4 Rd7 32.Rd3 Ra7 33.Rd2 Rd7 34.Bf3 Rd8 
35.Be4 Rd7 36.Bf3 1/2-1/2

[Event "40th World U20 ch"]
[Site "Peristeri GRE"]
[Date "2001.08.24"]
[Round "8.17"]
[White "Zufic, Miroslav"]
[Black "Schneider, Dmitry"]
[Result "0-1"]
[WhiteElo "2289"]
[BlackElo "2405"]
[EventDate "2001.08.16"]
[PlyCount "108"]

1.e4 e6 2.d4 d5 3.Nc3 Bb4 4.e5 c5 5.a3 Bxc3+ 6.bxc3 Qc7 7.Nf3 Ne7 8.Bd3 b6
9.a4 Ba6 10.O-O Bxd3 11.cxd3 Nbc6 12.dxc5 bxc5 13.Ba3 Nxe5 14.Nxe5 Qxe5 
15.Bxc5 Qc7 16.d4 O-O 17.Qd3 Rfb8 18.Rfb1 Nc6 19.Qa6 h5 20.Rb5 Rc8 21.Rab1
Qf4 22.R5b2 Qf5 23.h3 Ne5 24.Rd1 Nd7 25.Bb4 Nf6 26.a5 Ne4 27.Qd3 Qf4 28.f3
Nf6 29.Re2 a6 30.Qe3 Qxe3+ 31.Rxe3 Rc4 32.g4 hxg4 33.hxg4 Rb8 34.Re2 Nd7 
35.Kf2 Rb5 36.f4 Nf6 37.Kf3 Ne4 38.Re3 f5 39.Rg1 Kf7 40.Rd3 Rb8 41.gxf5 
exf5 42.Rh1 Rcc8 43.Kg2 Rc6 44.Rdh3 Rg6+ 45.Kf3 Re8 46.Rd1 Rge6 47.Rd3 g5 
48.Rh7+ Kg6 49.Rb7 g4+ 50.Kg2 Nf6 51.Rd2 Nh5 52.Rf2 g3 53.Ra2 Re2+ 54.Rxe2
Rxe2+ 0-1

[Event "40th World U20 ch"]
[Site "Peristeri GRE"]
[Date "2001.08.24"]
[Round "8.18"]
[White "Alvarez Marquez, Johann"]
[Black "Hersvik, Daniel"]
[Result "0-1"]
[WhiteElo "2382"]
[BlackElo "2241"]
[EventDate "2001.08.16"]
[PlyCount "68"]

1.d4 d5 2.c4 c6 3.Nf3 Nf6 4.Nc3 dxc4 5.a4 Bf5 6.e3 e6 7.Bxc4 Bb4 8.O-O 
Nbd7 9.Qe2 Bg6 10.e4 O-O 11.Bd3 h6 12.Bf4 Qe7 13.Na2 a5 14.Nxb4 axb4 15.
Ne5 Nxe5 16.Bxe5 Nd7 17.Qe3 f6 18.Bg3 e5 19.Rfe1 Bf7 20.Rec1 Rfd8 21.dxe5 
fxe5 22.Be2 Ra5 23.f3 Nc5 24.Bd1 Rd4 25.Bc2 b3 26.Bd1 Nd3 27.Rcb1 c5 28.
Be1 Nxe1 29.Qxe1 Raxa4 30.Rxa4 Rxa4 31.Qc3 c4 32.Qe3 b5 33.Be2 Qa7 34.Kf2 
b4 0-1

[Event "40th World U20 ch"]
[Site "Peristeri GRE"]
[Date "2001.08.24"]
[Round "8.22"]
[White "Karttunen, Mika"]
[Black "Carlsson, Pontus"]
[Result "1/2-1/2"]
[WhiteElo "2466"]
[BlackElo "2330"]
[EventDate "2001.08.16"]
[PlyCount "131"]

1.d4 Nf6 2.Nf3 e6 3.g3 b5 4.Bg2 Bb7 5.O-O c5 6.c3 Na6 7.Qd3 Qb6 8.a3 Be4 
9.Qd1 Bd5 10.Bf4 Be7 11.Nbd2 cxd4 12.cxd4 Nh5 13.e4 Nxf4 14.gxf4 Bb7 15.
Re1 O-O 16.f5 Rfe8 17.Bh3 Nc7 18.Nf1 exf5 19.Bxf5 d5 20.e5 Bc8 21.Qd3 g6 
22.Bxc8 Raxc8 23.Ne3 Qe6 24.Qf1 a6 25.Qg2 Qd7 26.Ng5 Ne6 27.Nxe6 fxe6 28.
f4 Rf8 29.f5 exf5 30.Qxd5+ Qxd5 31.Nxd5 Bh4 32.Rec1 Bg5 33.Rc3 Rfd8 34.Nb4
Rxc3 35.bxc3 Rc8 36.d5 Rxc3 37.d6 Kf7 38.Nd5 Rc5 39.Rd1 Bd8 40.Kg2 g5 41.
Nb4 a5 42.Nd3 Rc3 43.h4 h6 44.hxg5 hxg5 45.Ne1 Ke6 46.Nf3 g4 47.Nd4+ Kxe5 
48.Nxb5 Rb3 49.Re1+ Kd5 50.a4 f4 51.Rd1+ Ke5 52.Nd4 Rb2+ 53.Kf1 Kxd6 54.
Ne2+ Kc7 55.Nxf4 Bh4 56.Rd4 Kc6 57.Nd3 Rb3 58.Ke2 Be7 59.Rc4+ Kb6 60.Rxg4 
Bb4 61.Rg6+ Kb7 62.Rg7+ Kc6 63.Rg4 Ra3 64.Nxb4+ axb4 65.Rxb4 Kc5 66.Rh4 
1/2-1/2

[Event "40th World U20 ch"]
[Site "Peristeri GRE"]
[Date "2001.08.24"]
[Round "8.23"]
[White "Sedlak, Nikola"]
[Black "Zenklusen, Rico"]
[Result "0-1"]
[WhiteElo "2457"]
[BlackElo "2220"]
[EventDate "2001.08.16"]
[PlyCount "74"]

1.e4 c6 2.d4 d5 3.e5 Bf5 4.c3 e6 5.Be3 Nd7 6.Nd2 Qb6 7.Qb3 f6 8.f4 g5 9.
Ngf3 gxf4 10.Bxf4 Bh6 11.Bg3 fxe5 12.Nxe5 Ngf6 13.Ndf3 O-O 14.Be2 Nxe5 15.
Nxe5 Qxb3 16.axb3 Bc2 17.Bd3 Bxd3 18.Nxd3 Ne4 19.Be5 a6 20.Ke2 Rf5 21.g4 
Rf7 22.Raf1 Raf8 23.Rxf7 Rxf7 24.b4 Bg5 25.h4 Bf6 26.Bf4 Bd8 27.Rh3 a5 28.
bxa5 Bxa5 29.Be5 Bc7 30.Bxc7 Rxc7 31.g5 c5 32.Ke3 cxd4+ 33.Kxd4 Rc4+ 34.
Ke5 Kf7 35.Nf4 Nf2 36.Rf3 Ng4+ 37.Kd6 Rc6+ 0-1

[Event "40th World U20 ch"]
[Site "Peristeri GRE"]
[Date "2001.08.24"]
[Round "8.24"]
[White "Rathnakaran, Kantholi"]
[Black "Schenk, Andreas"]
[Result "0-1"]
[WhiteElo "2258"]
[BlackElo "2455"]
[EventDate "2001.08.16"]
[PlyCount "80"]

1.e4 e6 2.d3 d5 3.Nd2 Nf6 4.Ngf3 b6 5.e5 Nfd7 6.d4 c5 7.c3 Be7 8.Bd3 Ba6 
9.Bxa6 Nxa6 10.Qa4 Qc8 11.a3 O-O 12.O-O Qb7 13.Qd1 b5 14.Qe2 Ndb8 15.dxc5 
Nxc5 16.Nd4 Nc6 17.f4 a6 18.Kh1 g6 19.N2f3 Ne4 20.g4 Nxd4 21.Nxd4 Qc7 22.
f5 exf5 23.gxf5 Qxe5 24.Bf4 Qg7 25.fxg6 hxg6 26.Nf5 Qf6 27.Bd6 Bxd6 28.
Nh6+ Kg7 29.Rxf6 Nxf6 30.Ng4 Rh8 31.Kg1 Rae8 32.Qf3 Ne4 33.Rf1 f5 34.Ne3 
Rxh2 35.Nxf5+ gxf5 36.Qxf5 Rg8 37.Rf4 Bxf4 38.Qxf4 Rf2 39.Qe5+ Kh7+ 40.Kh1
Rf6 0-1

[Event "40th World U20 ch"]
[Site "Peristeri GRE"]
[Date "2001.08.24"]
[Round "8.28"]
[White "Potkin, Vladimir"]
[Black "Krivousas, Tomas"]
[Result "1-0"]
[WhiteElo "2530"]
[BlackElo "2204"]
[EventDate "2001.08.16"]
[PlyCount "81"]

1.e4 c5 2.Nf3 Nc6 3.c3 d5 4.exd5 Qxd5 5.d4 Bg4 6.Be2 cxd4 7.cxd4 e6 8.h3 
Bh5 9.Nc3 Qd6 10.d5 exd5 11.O-O Nf6 12.Nb5 Qd7 13.Bf4 Rc8 14.Ne5 Nxe5 15.
Bxe5 Be7 16.g4 Bg6 17.Nxa7 O-O 18.Nxc8 Rxc8 19.Rc1 Rxc1 20.Qxc1 Ne4 21.Qc7
Qxc7 22.Bxc7 Bc5 23.Bf4 Bd4 24.Rd1 Bxb2 25.Rxd5 Bf6 26.Rb5 Bh4 27.Be3 Nc3 
28.Rxb7 Nxe2+ 29.Kf1 Ng3+ 30.fxg3 Bxg3 31.a4 h6 32.a5 Be4 33.Rb4 Bd3+ 34.
Kg2 Be1 35.Rd4 Bb5 36.Bd2 Bh4 37.Rd6 Be7 38.Rb6 Bd3 39.Be3 Kh7 40.a6 Bd8 
41.Rb8 1-0

[Event "40th World U20 ch"]
[Site "Peristeri GRE"]
[Date "2001.08.24"]
[Round "8.41"]
[White "Mihailidis, Anastasios"]
[Black "Gengler, Pierre"]
[Result "1-0"]
[WhiteElo "2146"]
[BlackElo "2023"]
[EventDate "2001.08.16"]
[PlyCount "69"]

1.e4 c5 2.Nf3 Nc6 3.c3 d5 4.exd5 Qxd5 5.d4 e6 6.Bd3 Nf6 7.O-O cxd4 8.cxd4 
Be7 9.Nc3 Qd6 10.Nb5 Qd8 11.Ne5 Nb4 12.Bb1 O-O 13.a3 Nbd5 14.Qd3 g6 15.Nc3
Nh5 16.Bh6 Re8 17.Qf3 f5 18.g4 Ng7 19.gxf5 gxf5 20.Kh1 Bf6 21.Rg1 Nxc3 22.
bxc3 Re7 23.Ba2 Bxe5 24.Qxf5 Bxd4 25.cxd4 Qxd4 26.Bxg7 Rxg7 27.Rxg7+ Qxg7 
28.Rg1 Bd7 29.Bxe6+ Bxe6 30.Qxe6+ Kh8 31.Rxg7 Kxg7 32.Qd7+ Kg6 33.Qxb7 Rf8
34.Qxa7 Rf7 35.Qxf7+ 1-0

[Event "40th World U20 ch"]
[Site "Peristeri GRE"]
[Date "2001.08.25"]
[Round "9.2"]
[White "Acs, Peter"]
[Black "Navara, David"]
[Result "1/2-1/2"]
[WhiteElo "2514"]
[BlackElo "2491"]
[EventDate "2001.08.16"]
[PlyCount "105"]

1.e4 c5 2.Nf3 d6 3.d4 cxd4 4.Nxd4 Nf6 5.Nc3 a6 6.Be3 Nc6 7.f3 e6 8.Qd2 Be7
9.O-O-O O-O 10.g4 Nxd4 11.Bxd4 b5 12.g5 Nd7 13.h4 Rb8 14.Kb1 Qc7 15.Qg2 b4
16.Ne2 Bb7 17.h5 Rbc8 18.Nc1 Ne5 19.Rh2 f5 20.gxf6 Bxf6 21.Rh3 Bg5 22.Bxe5
dxe5 23.b3 Rfd8 24.Rxd8+ Qxd8 25.Bc4 Rc6 26.Nd3 a5 27.Rh1 Ba6 28.Bxa6 Rxa6
29.Nxe5 Rd6 30.Nd3 Bf6 31.Qe2 Bc3 32.e5 Rd5 33.h6 g6 34.Qe4 Qc7 35.Rg1 Rd4
36.Qe3 Qd7 37.Rg4 Rxg4 38.fxg4 Qd5 39.Qg5 Qh1+ 40.Nc1 Qf3 41.Qe7 Qf7 42.
Qd6 Qe8 43.g5 Kf7 44.Ne2 Be1 45.Qd1 Bh4 46.Qf1+ Kg8 47.Qf4 Be1 48.Qf1 Bd2 
49.Qg2 Qd8 50.Qb7 Qf8 51.Qg2 Qd8 52.Qb7 Qf8 53.Qg2 1/2-1/2

[Event "40th World U20 ch"]
[Site "Peristeri GRE"]
[Date "2001.08.25"]
[Round "9.5"]
[White "Bu Xiangzhi"]
[Black "Korobov, Anton"]
[Result "1-0"]
[WhiteElo "2553"]
[BlackElo "2470"]
[EventDate "2001.08.16"]
[PlyCount "157"]

1.d4 Nf6 2.c4 e6 3.Nc3 Bb4 4.e3 O-O 5.Ne2 d5 6.a3 Be7 7.cxd5 exd5 8.b4 Re8
9.Ng3 Nbd7 10.Bd3 g6 11.O-O Nf8 12.Rb1 h5 13.Nge2 a5 14.f3 axb4 15.axb4 h4
16.g4 hxg3 17.hxg3 c6 18.Kg2 b6 19.Rh1 Ne6 20.Qg1 Bf8 21.Bd2 Ra3 22.Qc1 
Ra7 23.Qb2 Bg7 24.Rh2 Rae7 25.Rbh1 Ng5 26.Qb1 Rxe3 27.Bxe3 Rxe3 28.Rf1 Qe7
29.Rh4 b5 30.Rf2 Bf8 31.Qc2 Qa7 32.Nd1 Re6 33.Nf4 Rd6 34.Re2 Ne6 35.Nxe6 
Bxe6 36.Nf2 Bg7 37.Qd2 Qa3 38.Rh1 Nd7 39.Qf4 Qxb4 40.Rb1 Qa3 41.Re3 Nf8 
42.Bxb5 Qa2 43.Rc1 Qd2 44.Rd1 Qb4 45.Bf1 Rd8 46.Re2 c5 47.dxc5 Qxc5 48.Rc1
Qa5 49.Nd3 Bf5 50.Nc5 Qa3 51.g4 Ne6 52.Nxe6 Bxe6 53.Rc7 Rf8 54.Qg5 Qa1 55.
Qe7 Be5 56.Rc6 Bf6 57.Qd6 Re8 58.Qf4 Bg7 59.Rb6 Qa7 60.Qb4 d4 61.Qb5 Rd8 
62.Rb2 d3 63.Rb8 Rxb8 64.Qxb8+ Qxb8 65.Rxb8+ Bf8 66.Bxd3 Kg7 67.Be4 Bd6 
68.Rb7 Kf6 69.Rb5 Bf4 70.Bd5 Bd7 71.Rb7 Be8 72.Kf2 Kg7 73.Ke2 Bd6 74.Kd3 
Kf8 75.Bc4 f5 76.gxf5 gxf5 77.Be6 Be5 78.Bxf5 Bc6 79.Rb1 1-0

[Event "40th World U20 ch"]
[Site "Peristeri GRE"]
[Date "2001.08.25"]
[Round "9.6"]
[White "Izoria, Zviad"]
[Black "Berg, Emanuel"]
[Result "0-1"]
[WhiteElo "2487"]
[BlackElo "2496"]
[EventDate "2001.08.16"]
[PlyCount "80"]

1.c4 Nf6 2.Nc3 e6 3.e4 d5 4.e5 d4 5.exf6 dxc3 6.bxc3 Qxf6 7.Nf3 b6 8.d4 
Bb7 9.Bd3 h6 10.Qe2 Bd6 11.Nd2 Nd7 12.Ne4 Qe7 13.Rb1 c5 14.O-O O-O 15.Nxd6
Qxd6 16.Be3 cxd4 17.cxd4 e5 18.Rfd1 Qc6 19.f3 Qf6 20.d5 Qd6 21.a4 f5 22.
Qc2 e4 23.fxe4 fxe4 24.Bxe4 Rac8 25.Bd4 Ba6 26.Qb2 Rxc4 27.Bd3 Rxa4 28.
Bxa6 Rxa6 29.Bxg7 Rf7 30.Bc3 Ra4 31.Bb4 Qf6 32.Qc2 b5 33.Qd2 a5 34.Bxa5 
Rf4 35.Bc3 Qf5 36.Re1 Kh7 37.Rbd1 Nc5 38.Bd4 Nb3 39.Qe3 Nxd4 40.h3 Nc2 0-1